Statistics for Total Drama Island (2023) Elimination Order

Click here to take the quiz!

General Stats

  • This quiz has been taken 30 times
  • The average score is 14 of 16

Answer Stats

PlacementAnswer% Correct
15thCaleb
100%
2ndBowie
91%
4thJulia
91%
14thAxel
87%
3rdMillie
87%
13thNichelle
87%
1stPriya
87%
9thRaj
87%
12thScary Girl
87%
9thWayne
87%
5thEmma
83%
8thRipper
83%
6thChase
78%
11thDamien
78%
10thMK
78%
7thZee
78%

Score Distribution

Percentile by Number Answered

Percent of People with Each Score

Your Score History

You have not taken this quiz